The IT as a service (ITaaS) framework: (Record no. 158184)

MARC details
000 -LEADER
fixed length control field 00685nam a22001937a 4500
005 - DATE AND TIME OF LATEST TRANSACTION
control field 20181020111724.0
010 ## - LCCN (DPL NO)
LC control number ENG-124336
020 ## - INTERNATIONAL STANDARD BOOK NUMBER
International Standard Book Number 9789353061746
Terms of availability 499.00
035 ## - SYSTEM CONTROL NUMBER
System control number EN-107868
037 ## - SOURCE OF ACQUISITION
Source of stock number/acquisition DBAD/PUB
082 ## - DEWEY DECIMAL CLASSIFICATION NUMBER
Classification number 658.403
100 ## - MAIN ENTRY--PERSONAL NAME
Personal name Mann, Justin
245 ## - TITLE STATEMENT
Title The IT as a service (ITaaS) framework:
Statement of responsibility, etc by Justin Mann
Remainder of title transform to an end-to-end services organization and operate IT like a competitive business /
260 ## - PUBLICATION, DISTRIBUTION, ETC. (IMPRINT)
Place of publication, distribution, etc Noida
Name of publisher, distributor, etc Pearson
Date of publication, distribution, etc 2018
270 ## - ADDRESS
Address 15th Floor, Tower B, Worls Trade Tower, Plot No.1, Block -C
City Noida (UP)
Postal code 201301
300 ## - PHYSICAL DESCRIPTION
Extent xx, 300p.
Dimensions 26cm.(pbk)
500 ## - GENERAL NOTE
General note It includes index
942 ## - ADDED ENTRY ELEMENTS (KOHA)
Source of classification or shelving scheme Dewey Decimal Classification
Item type English Books
Classification part 658.403
Call number suffix MAN
Holdings
Withdrawn status Lost status Not for loan Collection code Home library Current library Date acquired Source of acquisition Cost, normal purchase price Full call number Barcode Copy number Cost, replacement price Koha item type
    Not For Loan Non-fiction D.B.Act.Division D.B.Act.Division 20/10/2018 DBAD/PUB 499.00 658.403 MAN EN-107868 1 499.00 English Books

© Delhi Public Library
Hit Counter
free hit counter